| 000 | 00583nam a22001937a 4500 | ||
|---|---|---|---|
| 005 | 20230626142125.0 | ||
| 008 | 230626b ||||| |||| 00| 0 eng d | ||
| 040 |
_aIN-DiNC _cIN-DiNC |
||
| 041 | _dasm | ||
| 082 |
_a796.092 _bBAR |
||
| 100 |
_aBarthakur, Jintu _eauthor |
||
| 245 |
_aAntarjatik krirakhetrat sota dashakar Asamiya/ _cby Jintu Barthakur and Chiranjib Sharma |
||
| 250 | _a1st ed. | ||
| 260 |
_aGuwahati: _bChiranjib Sharma, _c2009. |
||
| 300 | _a208p. | ||
| 650 | _aInternational sports person from Assam | ||
| 700 |
_aSharma, Chiranjib _eauthor |
||
| 942 |
_2ddc _cBK |
||
| 999 |
_c11568 _d11568 |
||